| 000 | 00864 a2200253 4500 | ||
|---|---|---|---|
| 999 |
_c71 _d71 |
||
| 020 | _a9781847875372 | ||
| 050 | _aBF77 ESS 2010 | ||
| 100 |
_aBanyard, Philip _eeditor |
||
| 245 |
_aEssential psychology : _ba concise introduction / _cedited by Philip Banyard, Mark N. O. Davies, Christine Norman and Belinda Winder |
||
| 264 |
_aLos Angeles : _bSage Publications, _c2010 |
||
| 300 |
_axiii,454p. : _bill. (some col.) |
||
| 500 | _aIncludes bibliographical references and index | ||
| 650 | _aPersonality | ||
| 650 | _aDevelopmental psychology | ||
| 650 | _aHuman Behavior | ||
| 650 | _aSocial psychology | ||
| 650 | _aCognitive psychology | ||
| 650 | _aDevelopemental psychology | ||
| 650 | _aPsychology | ||
| 700 |
_aNorman, Christine _eeditor |
||
| 700 |
_aWinder, Belinda _eeditor |
||
| 700 |
_aDavies, Mark N. O. _eeditor |
||
| 942 |
_2lcc _cBK _h77 _iESS _kBF |
||